000 00547nam a2200229Ia 4500
003 OSt
005 20220924145528.0
006 a|||||r|||| 00| 0
007 ta
008 PER
024 _a329125
037 _cTextual
040 _aARTS
_cARTS
_bPER
041 _2PER
_aPER
082 _aO5961,3M22,2, 164L2
100 _aLand Au.
_9199216
245 0 _aAnkboot zajaji
260 _c1972
650 _aEUROPEAN LITERATURE
_917206
942 _hO5961,3M22,2, 164L2
_cTEXL
_2CC
999 _c460365
_d460365